Μικρουπολογιστές

Αποθηκεύτηκε σε:
Λεπτομέρειες βιβλιογραφικής εγγραφής
Κύριος συγγραφέας: Αλεξανδρίδης, Νικήτας
Μορφή: Βιβλίο
Γλώσσα:Greek
Δημοσίευση: Αθήνα : 1984
Θέματα:
Ετικέτες: Προσθήκη ετικέτας
Δεν υπάρχουν, Καταχωρήστε ετικέτα πρώτοι!

MARC

LEADER 00000nam a2200000 i 4500
001 1/50096
008 950315s1984 gre d
035 |l 10026944 
040 |a GR-MY-UA  |b gre  |e aacr 
041 0 |a gre 
082 0 |a 004.16 
100 1 |a Αλεξανδρίδης, Νικήτας. 
245 1 0 |a Μικρουπολογιστές /  |c Νικήτα Αλεξανδρίδη 
260 |a Αθήνα :   |c 1984 
300 |a 2Τ 
650 0 0 |a Microcomputers. 
852 |a INST  |b CHIOS  |e 19960327  |h 004.16 ΑΛΕ  |p 005200000568  |q 005200000568  |t BK  |y 0  |z τ.II 
852 |a INST  |b CHIOS  |e 19950315  |h 004.16 ΑΛΕ  |p 005200006752  |q 005200006752  |t BK  |y 0  |z τ.I 
852 |a INST  |b CHIOS  |e 19960327  |h 004.16 ΑΛΕ  |p 005200006761  |q 005200006761  |t BK  |y 0  |z τ.II 
852 |a INST  |b CHIOS  |e 19960327  |h 004.16 ΑΛΕ  |p 005200000568  |q 005200000568  |t BK  |v τ.II:  |y 0  |z τ.II 
852 |a INST  |b CHIOS  |e 19950315  |h 004.16 ΑΛΕ  |p 005200006752  |q 005200006752  |t BK  |v τ.I:  |y 0  |z τ.I 
852 |a INST  |b CHIOS  |e 19960327  |h 004.16 ΑΛΕ  |p 005200006761  |q 005200006761  |t BK  |v τ.II:  |y 0  |z τ.II 
853 |a INST  |b CHIOS  |h 004.16 ΑΛΕ 
909 |a Χ  |b 002074 
909 |a Χ  |b 001277 
909 |a Χ  |b 002075